Der Richter von Stenr (Record no. 5582)

MARC details
000 -CABECERA
campo de control de longitud fija 00710nam a2200229 a 4500
001 - NÚMERO DE CONTROL
campo de control BRCA_5893
005 - FECHA Y HORA DE LA ÚLTIMA TRANSACCIÓN
campo de control 20190320205244.0
008 - DATOS DE LONGITUD FIJA--INFORMACIÓN GENERAL
campo de control de longitud fija 170311t1936----gw-#######---#000-0#ger-#
041 ## - CÓDIGO DE LENGUA
Código de lengua del texto/banda sonora o título independiente ger
044 ## - CÓDIGO DEL PAÍS DE LA ENTIDAD EDITORA/PRODUCTORA
Código MARC del país gw
050 #4 - SIGNATURA TOPOGRÁFICA DE LA BIBLIOTECA DEL CONGRESO
Número de clasificación PT2615
-- A55
Número de documento/Ítem .R52
-- 1936
100 1# - ENTRADA PRINCIPAL--NOMBRE DE PERSONA
Nombre de persona Handel-Mazzetti, Erica Ludovica María, Freiin von.
9 (RLIN) 14900
245 10 - MENCIÓN DE TÍTULO
Título Der Richter von Stenr
Mención de responsabilidad, etc. Handel-Mazzeti; mit einem Nachwort von Wilhelm Spael.
260 ## - PUBLICACIÓN, DISTRIBUCIÓN, ETC.
Lugar de publicación, distribución, etc. Leipzig, Alemania
Nombre del editor, distribuidor, etc. P. Reclam
Fecha de publicación, distribución, etc. 1936
300 ## - DESCRIPCIÓN FÍSICA
Extensión 91 p.
Dimensiones 16 cm.
440 #0 - MENCIÓN DE SERIE/PUNTO DE ACCESO ADICIONAL--TÍTULO
Título Reclams Universal Bibliothek.
Designación de volumen o secuencia no.6454
9 (RLIN) 14901
500 ## - NOTA GENERAL
Nota general Tiene la pasta trasera rota y sin un pedazo.
500 ## - NOTA GENERAL
Nota general H134
700 1# - PUNTO DE ACCESO ADICIONAL--NOMBRE DE PERSONA
Nombre de persona Spael, Wilhelm
9 (RLIN) 14902
902 ## - CATALOGADOR
Iniciales GFM
942 ## - ELEMENTOS DE PUNTO DE ACCESO ADICIONAL (KOHA)
Fuente del sistema de clasificación o colocación Library of Congress Classification
Tipo de ítem Koha Libros
Holdings
Estado de retiro Estado de pérdida Estado dañado No para préstamo Localización permanente Ubicación/localización actual Fecha de adquisición Número de inventario Total de préstamos Signatura topográfica completa Código de barras Fecha visto por última vez Precio válido a partir de Tipo de ítem Koha
El ejemplar forma parte de la colección y puede ser consultado según las políticas vigentes.       Biblioteca del Museo Franz Mayer (Rogerio Casas-Alatriste) Biblioteca del Museo Franz Mayer (Rogerio Casas-Alatriste) 17/03/2011 H134   PT2615 .R52 1936 A55 (H134) 6332 22/03/2019 22/03/2019 Libros